[Event "TCh-FRA Top 16 GpB"]
[Site "Montpellier"]
[Date "2006.05.02"]
[Round "7.1"]
[White "Legky, Nikolay A"]
[Black "Navara, David"]
[Result "0-1"]
[WhiteElo "2465"]
[BlackElo "2720"]
[PlyCount "100"]
[EventDate "2007.05.??"]
[EventType "team"]
[EventRounds "11"]
[EventCountry "FRA"]
[SourceDate "2007.01.01"]
[WhiteTeam "Drancy"]
[BlackTeam "Mulhouse"]
[WhiteTeamCountry "FRA"]
[BlackTeamCountry "FRA"]

1. d4 Nf6 2. Nf3 e6 3. e3 c5 4. Bd3 b6 5. O-O Bb7 6. c4 d5 7. cxd5 exd5 8. Nc3
Bd6 9. b3 O-O 10. Bb2 Nbd7 11. Rc1 Re8 12. Ne2 a6 13. Ng3 g6 14. Qe2 Bf8 15.
Rfd1 Bg7 16. a4 Ne4 17. dxc5 Nxg3 18. hxg3 bxc5 19. Bxg7 Kxg7 20. Qb2+ Kg8 21.
Rd2 Qb6 22. Qc3 Rac8 23. a5 Qe6 24. Rdd1 Qe7 25. Qa1 Nf8 26. Qa4 Ne6 27. e4 Bc6
28. Qxc6 Rxc6 29. exd5 Rd6 30. dxe6 Qxe6 31. Bc4 Qd7 32. Rxd6 Qxd6 33. Rc3 Qc7
34. Rd3 Qxa5 35. Rd7 Qa1+ 36. Kh2 Qf6 37. Rc7 Kg7 38. Rxc5 Qb6 39. Rd5 Re7 40.
Rd2 a5 41. Rd4 Rc7 42. Rf4 Qxf2 43. Ng5 Qe3 44. Bxf7 Kh6 45. Ne6 Qxf4 46. gxf4
Rxf7 47. g4 Re7 48. Nc5 Rc7 49. Ne4 Rb7 50. Nd2 a4 0-1

[Event "TCh-FRA Top 16 GpB"]
[Site "Montpellier"]
[Date "2006.05.02"]
[Round "7.2"]
[White "Wojtaszek, Radoslaw"]
[Black "Komarov, Dimitri"]
[Result "1/2-1/2"]
[WhiteElo "2620"]
[BlackElo "2539"]
[PlyCount "48"]
[EventDate "2007.05.??"]
[EventType "team"]
[EventRounds "11"]
[EventCountry "FRA"]
[SourceDate "2007.01.01"]
[WhiteTeam "Mulhouse"]
[WhiteTeamCountry "FRA"]
[BlackTeamCountry "FRA"]

1. d4 d5 2. c4 c6 3. Nf3 Nf6 4. Nc3 dxc4 5. a4 Bf5 6. e3 e6 7. Bxc4 Bb4 8. Ne5
O-O 9. O-O c5 10. Na2 Ba5 11. dxc5 Bc7 12. Qxd8 Rxd8 13. Nf3 Nbd7 14. c6 bxc6
15. Nd4 Ne5 16. Be2 c5 17. Nxf5 exf5 18. Nc3 Ba5 19. Nb5 Ne4 20. Na3 Nd2 21.
Bxd2 Rxd2 22. Nc4 Nxc4 23. Bxc4 Rxb2 24. Rfd1 Bd2 1/2-1/2

[Event "TCh-FRA Top 16 GpB"]
[Site "Montpellier"]
[Date "2006.05.02"]
[Round "7.3"]
[White "Bunzmann, Dimitrij"]
[Black "Sokolov, Andrei"]
[Result "1/2-1/2"]
[WhiteElo "2525"]
[BlackElo "2584"]
[PlyCount "20"]
[EventDate "2007.05.??"]
[EventType "team"]
[EventRounds "11"]
[EventCountry "FRA"]
[SourceDate "2007.01.01"]
[WhiteTeam "Drancy"]
[BlackTeam "Mulhouse"]
[WhiteTeamCountry "FRA"]
[BlackTeamCountry "FRA"]

1. d4 Nf6 2. c4 e6 3. g3 d5 4. Nf3 Bb4+ 5. Bd2 Be7 6. Bg2 O-O 7. O-O c6 8. Qc2
b6 9. Bf4 Bb7 10. Rd1 Nbd7 1/2-1/2

[Event "TCh-FRA Top 16 GpB"]
[Site "Montpellier"]
[Date "2006.05.02"]
[Round "7.4"]
[White "Wirig, Anthony"]
[Black "Berthelot, Yannick"]
[Result "0-1"]
[WhiteElo "2443"]
[BlackElo "2317"]
[PlyCount "88"]
[EventDate "2007.05.??"]
[EventType "team"]
[EventRounds "11"]
[EventCountry "FRA"]
[SourceDate "2007.01.01"]
[WhiteTeam "Mulhouse"]
[WhiteTeamCountry "FRA"]
[BlackTeamCountry "FRA"]

1. d4 Nf6 2. Nf3 g6 3. c4 Bg7 4. g3 d5 5. cxd5 Nxd5 6. Bg2 Nb6 7. Nc3 Nc6 8. e3
O-O 9. O-O Re8 10. Re1 e5 11. d5 Na5 12. e4 c6 13. Bg5 f6 14. Be3 Nac4 15. Bxb6
Nxb6 16. Qb3 cxd5 17. exd5 Bf5 18. Rad1 Qd7 19. a4 Nc8 20. h3 g5 21. g4 Bg6 22.
Nd2 Nd6 23. Nde4 Nxe4 24. Nxe4 Rac8 25. Qa3 Red8 26. Nc5 Qe7 27. d6 Rxd6 28.
Nxb7 Rd7 29. Rxd7 Qxd7 30. Nd6 Rb8 31. Ne4 Qd8 32. Rc1 Bf8 33. Qf3 Be7 34. Rd1
Qb6 35. Rd7 Kf8 36. b4 Ke8 37. a5 Qxb4 38. Rxa7 Qe1+ 39. Kh2 Bxe4 40. Qxe4 Qxf2
41. Rxe7+ Kxe7 42. a6 Rb3 43. Qxh7+ Kd6 44. a7 Rc3 0-1

[Event "TCh-FRA Top 16 GpB"]
[Site "Montpellier"]
[Date "2006.05.02"]
[Round "7.5"]
[White "Karr, Jean Philippe"]
[Black "Riff, Jean Noel"]
[Result "1/2-1/2"]
[WhiteElo "2409"]
[BlackElo "2468"]
[PlyCount "66"]
[EventDate "2007.05.??"]
[EventType "team"]
[EventRounds "11"]
[EventCountry "FRA"]
[SourceDate "2007.01.01"]
[WhiteTeam "Drancy"]
[BlackTeam "Mulhouse"]
[WhiteTeamCountry "FRA"]
[BlackTeamCountry "FRA"]

1. d4 Nf6 2. c4 e6 3. Nc3 Bb4 4. Qc2 Nc6 5. Nf3 d6 6. Bd2 Qe7 7. a3 Bxc3 8.
Bxc3 O-O 9. g3 e5 10. d5 Nb8 11. Bg2 Nh5 12. O-O f5 13. b4 Nd7 14. Rac1 b6 15.
c5 Rb8 16. Qa4 bxc5 17. Qxa7 Bb7 18. Rfd1 e4 19. Nh4 e3 20. Bf3 exf2+ 21. Kf1
Nf4 22. bxc5 Nxc5 23. Nxf5 Rxf5 24. Qxb8+ Rf8 25. Qxf8+ Qxf8 26. gxf4 Qxf4 27.
Kg2 Ne4 28. Bd4 Qg5+ 29. Kh1 Qh4 30. Rxc7 Ng3+ 31. Kg2 Qxd4 32. Rxd4 f1=Q+ 33.
Kxg3 Qg1+ 1/2-1/2

[Event "TCh-FRA Top 16 GpB"]
[Site "Montpellier"]
[Date "2006.05.02"]
[Round "7.6"]
[White "Bricard, Emmanuel"]
[Black "Salaun, Yann"]
[Result "1-0"]
[WhiteElo "2472"]
[BlackElo "2336"]
[PlyCount "89"]
[EventDate "2007.05.??"]
[EventType "team"]
[EventRounds "11"]
[EventCountry "FRA"]
[SourceDate "2007.01.01"]
[WhiteTeam "Mulhouse"]
[WhiteTeamCountry "FRA"]
[BlackTeamCountry "FRA"]

1. d4 d5 2. Nf3 c6 3. Bf4 Nf6 4. e3 g6 5. c4 Bg7 6. Nc3 O-O 7. Be2 dxc4 8. Bxc4
Nbd7 9. O-O c5 10. Nb5 Nb6 11. Bc7 Qd7 12. Ne5 Qf5 13. Bxb6 axb6 14. Nc7 Rb8
15. Qb3 e6 16. Rad1 cxd4 17. exd4 Ng4 18. f4 h5 19. h3 Nxe5 20. dxe5 Qe4 21.
Bb5 g5 22. Qc3 gxf4 23. Rde1 Qf5 24. Ne8 Bh8 25. g3 Qg5 26. Rxf4 f5 27. Qf3 Rf7
28. Rh4 Rh7 29. Nd6 Bd7 30. Bxd7 Rxd7 31. Rxh5 Qd2 32. Rd1 Qxb2 33. Rg5+ Rg7
34. Qh5 Rf8 35. Ne8 Qxe5 36. Nxg7 Bxg7 37. Qf3 Rc8 38. h4 Kf8 39. Kh2 Bf6 40.
Rg6 Rc2+ 41. Kh3 f4 42. Rg4 fxg3 43. Rf4 Rf2 44. Qa3+ Kg7 45. Qxg3+ 1-0

[Event "TCh-FRA Top 16 GpB"]
[Site "Montpellier"]
[Date "2006.05.02"]
[Round "7.7"]
[White "Giffard, Nicolas"]
[Black "Kurmann, Oliver"]
[Result "0-1"]
[WhiteElo "2379"]
[BlackElo "2433"]
[PlyCount "58"]
[EventDate "2007.05.??"]
[EventType "team"]
[EventRounds "11"]
[EventCountry "FRA"]
[SourceDate "2007.01.01"]
[WhiteTeam "Drancy"]
[BlackTeam "Mulhouse"]
[WhiteTeamCountry "FRA"]
[BlackTeamCountry "FRA"]

1. d4 d5 2. c4 c6 3. Nf3 Nf6 4. Nc3 a6 5. h3 e6 6. e3 Nbd7 7. b3 Bb4 8. Bd2 O-O
9. Be2 Bd6 10. O-O e5 11. dxe5 Nxe5 12. cxd5 cxd5 13. Nd4 Bc7 14. Qc2 Qd6 15.
f4 Ng6 16. Rad1 Bb6 17. Bc1 Re8 18. Kh1 Bd7 19. a3 Rac8 20. Qd2 h5 21. Qb2 Nh4
22. Rfe1 Qc7 23. Na2 Bxd4 24. Rxd4 Nf5 25. Rd3 Qc2 26. Rc3 Rxc3 27. Nxc3 Qxb2
28. Bxb2 Rxe3 29. Kg1 d4 0-1

[Event "TCh-FRA Top 16 GpB"]
[Site "Montpellier"]
[Date "2006.05.02"]
[Round "7.8"]
[White "Muller, Anne"]
[Black "Wolfangel, Florence"]
[Result "1-0"]
[WhiteElo "2187"]
[BlackElo "1983"]
[PlyCount "89"]
[EventDate "2007.05.??"]
[EventType "team"]
[EventRounds "11"]
[EventCountry "FRA"]
[SourceDate "2007.01.01"]
[WhiteTeam "Mulhouse"]
[WhiteTeamCountry "FRA"]
[BlackTeamCountry "FRA"]

1. e4 e6 2. d4 d5 3. Nd2 Nf6 4. e5 Nfd7 5. Bd3 c5 6. c3 Nc6 7. Ne2 cxd4 8. cxd4
f6 9. exf6 Qxf6 10. Nf3 h6 11. O-O Bd6 12. Ng3 O-O 13. Bc2 Rd8 14. a3 Nf8 15.
Re1 Bd7 16. Be3 Be8 17. b4 a6 18. Rc1 Rac8 19. Ba4 b5 20. Bc2 Bg6 21. Qd2 a5
22. Bxg6 Nxg6 23. Qd3 Na7 24. bxa5 Rc4 25. Bd2 Nf4 26. Qe3 g5 27. Ne5 Ra4 28.
Bb4 Rxb4 29. axb4 Bxb4 30. Red1 Bxa5 31. Ra1 Bb6 32. Ra6 Rd6 33. Rda1 Qe7 34.
Nd3 Ng6 35. Nc5 Nc8 36. Ra8 Rc6 37. Nxe6 Rxe6 38. Rxc8+ Kh7 39. Qd3 Bc7 40.
Rca8 Bb6 41. h3 Qf6 42. Rd1 b4 43. Rb8 Re7 44. Qf5 Qd6 45. Qc8 1-0

[Event "TCh-FRA Top 16 GpB"]
[Site "Montpellier"]
[Date "2006.05.02"]
[Round "7.1"]
[White "Hamdouchi, Hichem"]
[Black "Relange, Eloi"]
[Result "1/2-1/2"]
[WhiteElo "2598"]
[BlackElo "2476"]
[PlyCount "39"]
[EventDate "2007.05.??"]
[EventType "team"]
[EventRounds "11"]
[EventCountry "FRA"]
[SourceDate "2007.01.01"]
[WhiteTeam "Montpellier"]
[BlackTeam "Evry"]
[WhiteTeamCountry "FRA"]
[BlackTeamCountry "FRA"]

1. e4 c5 2. Nf3 e6 3. d4 cxd4 4. Nxd4 Nf6 5. Nc3 d6 6. g4 e5 7. Bb5+ Bd7 8.
Bxd7+ Qxd7 9. Nf5 h5 10. gxh5 Nxh5 11. Bh6 Nc6 12. Qxh5 Ne7 13. Qg5 Nxf5 14.
exf5 Rxh6 15. Nd5 Qa4 16. Nc7+ Kd7 17. Nxa8 Qe4+ 18. Kd2 Qd5+ 19. Ke2 Qc4+ 20.
Kd2 1/2-1/2

[Event "TCh-FRA Top 16 GpB"]
[Site "Montpellier"]
[Date "2006.05.02"]
[Round "7.3"]
[White "Prie, Eric"]
[Black "Bergez, Luc"]
[Result "1-0"]
[WhiteElo "2513"]
[BlackElo "2398"]
[PlyCount "77"]
[EventDate "2007.05.??"]
[EventType "team"]
[EventRounds "11"]
[EventCountry "FRA"]
[SourceDate "2007.01.01"]
[WhiteTeam "Montpellier"]
[BlackTeam "Evry"]
[WhiteTeamCountry "FRA"]
[BlackTeamCountry "FRA"]

1. d4 c5 2. c3 cxd4 3. cxd4 d5 4. Nc3 Nf6 5. Nf3 Nc6 6. Bf4 Qb6 7. Na4 Qa5+ 8.
Bd2 Qc7 9. Rc1 Ne4 10. e3 e6 11. a3 Bd6 12. Nc3 Qe7 13. Bd3 f5 14. Nb5 Bb8 15.
Bxe4 fxe4 16. Bb4 Qd8 17. Ne5 Qg5 18. Nxc6 bxc6 19. Rxc6 Bd7 20. Qc2 Qxg2 21.
Qc5 Qxh1+ 22. Kd2 Kf7 23. Qe7+ Kg6 24. Qxd7 Qxh2 25. Qxe6+ $6 {
Eric Prié dit Txe6! qui boucle proprement la partie.} Kh5 26. Qf5+ g5 27. Nc3
Bg3 28. Qf7+ Kg4 29. Rf6 h5 30. Nxd5 Kh3 31. Qe6+ g4 32. Qxe4 Rac8 33. Qd3 Qg1
34. Bc5 Rhd8 35. e4 h4 36. fxg3 Rxd5 37. exd5 Qg2+ 38. Qe2 Qxd5 39. Qf1+ 1-0

[Event "TCh-FRA Top 16 GpB"]
[Site "Montpellier"]
[Date "2006.05.02"]
[Round "7.4"]
[White "Chabanon, Jean Luc"]
[Black "Flear, Glenn C"]
[Result "1/2-1/2"]
[WhiteElo "2426"]
[BlackElo "2476"]
[PlyCount "68"]
[EventDate "2007.05.??"]
[EventType "team"]
[EventRounds "11"]
[EventCountry "FRA"]
[SourceDate "2007.01.01"]
[WhiteTeam "Evry"]
[WhiteTeamCountry "FRA"]
[BlackTeamCountry "FRA"]

1. d4 d5 2. c4 c6 3. Nf3 Nf6 4. Nc3 dxc4 5. a4 Bg4 6. Ne5 Bh5 7. f3 Nfd7 8.
Nxc4 e5 9. Ne4 Bb4+ 10. Bd2 Qe7 11. Bxb4 Qxb4+ 12. Qd2 Qxd2+ 13. Kxd2 exd4 14.
Ned6+ Kd8 15. h4 f6 16. g4 Be8 17. Nxb7+ Kc7 18. Nbd6 Nb6 19. Nxb6 axb6 20. Nf5
g6 21. Nxd4 c5 22. Ne6+ Kd6 23. Nf4 Rxa4 24. Rxa4 Bxa4 25. g5 Rf8 26. Nd3 Nd7
27. h5 fxg5 28. hxg6 hxg6 29. Rg1 Ne5 30. Rxg5 Rxf3 31. Bg2 Rf5 32. Nxe5 Kxe5
33. Rxg6 Rf6 34. Rxf6 Kxf6 1/2-1/2

[Event "TCh-FRA Top 16 GpB"]
[Site "Montpellier"]
[Date "2007.05.02"]
[Round "7.6"]
[White "Feller, Sebastien"]
[Black "Marzolo, Cyril"]
[Result "1-0"]
[WhiteElo "2445"]
[BlackElo "2459"]
[PlyCount "83"]
[EventDate "2007.05.??"]
[EventType "team"]
[EventRounds "11"]
[EventCountry "FRA"]
[SourceDate "2007.01.01"]
[WhiteTeam "Evry"]
[WhiteTeamCountry "FRA"]
[BlackTeamCountry "FRA"]

1. Nf3 Nf6 2. c4 g6 3. Nc3 Bg7 4. e4 d6 5. d4 O-O 6. Be2 Bg4 7. Be3 Nfd7 8. Rc1
c5 9. d5 Na6 10. O-O Nc7 11. Bg5 Qe8 12. h3 Bxf3 13. Bxf3 e5 14. Be2 a6 15. a3
h6 16. Be3 a5 17. Rb1 Qe7 18. b4 axb4 19. axb4 Na6 20. bxc5 Naxc5 21. Qc2 h5
22. g4 h4 23. g5 Ra3 24. Kh2 Kh7 25. Rg1 f5 26. gxf6 Nxf6 27. Rg2 Rg8 28. Rbg1
Bh8 29. Bg5 Qf7 30. Nb5 Ra6 31. Bg4 Nfxe4 32. Be6 Nxe6 33. dxe6 Qf3 34. Be3 Rc6
35. Rg4 d5 36. Rxh4+ Kg7 37. Nc3 Rxc4 38. Bh6+ Kf6 39. Nxd5+ Kxe6 40. Qxc4
Qxf2+ 41. Rg2 Qxh4 42. Nf4+ 1-0

[Event "TCh-FRA Top 16 GpB"]
[Site "Montpellier"]
[Date "2007.05.02"]
[Round "7.7"]
[White "Maze, Sebastien"]
[Black "Brochet, Philippe"]
[Result "0-1"]
[WhiteElo "2506"]
[BlackElo "2392"]
[PlyCount "96"]
[EventDate "2007.05.??"]
[EventType "team"]
[EventRounds "11"]
[EventCountry "FRA"]
[SourceDate "2007.01.01"]
[WhiteTeam "Montpellier"]
[BlackTeam "Evry"]
[WhiteTeamCountry "FRA"]
[BlackTeamCountry "FRA"]

1. e4 c5 2. Nf3 Nc6 3. Bb5 d6 4. O-O Bd7 5. Re1 a6 6. Bxc6 Bxc6 7. d4 cxd4 8.
Nxd4 Nf6 9. Bg5 e6 10. Nxc6 bxc6 11. Nd2 Qc7 12. Nc4 Nd7 13. Qd2 f6 14. Bh4 Ne5
15. Ne3 Be7 16. f4 Nf7 17. c4 O-O 18. f5 e5 19. Bf2 a5 20. Red1 Rfb8 21. c5 Rb4
22. Rac1 dxc5 23. Nc4 Rd8 24. Qe2 Nd6 25. Nxd6 Rxd6 26. a3 Rxd1+ 27. Rxd1 Rb8
28. Qc4+ Kf8 29. Bxc5 Rd8 30. Rc1 Bxc5+ 31. Qxc5+ Kg8 32. Qc4+ Kf8 33. h3 Qb6+
34. Kh1 Qxb2 35. Qc5+ Kg8 36. Qxc6 Qxa3 37. Qe6+ Kh8 38. Rc8 Qf8 39. Rc4 Ra8
40. Ra4 Qd8 41. Qa2 h6 42. Kh2 Kh7 43. Ra3 Qd4 44. Qb1 a4 45. Qb7 Ra7 46. Qc6
Qb4 47. Rd3 Qb7 48. Qc4 Qa6 0-1

[Event "TCh-FRA Top 16 GpB"]
[Site "Montpellier"]
[Date "2007.05.02"]
[Round "7.8"]
[White "Leroy, Didier"]
[Black "Flear, Christine"]
[Result "1-0"]
[WhiteElo "2305"]
[BlackElo "2168"]
[PlyCount "69"]
[EventDate "2007.05.??"]
[EventType "team"]
[EventRounds "11"]
[EventCountry "FRA"]
[SourceDate "2007.01.01"]
[WhiteTeam "Evry"]
[WhiteTeamCountry "FRA"]
[BlackTeamCountry "FRA"]

1. d4 c5 2. d5 f5 3. g3 Nf6 4. Bg2 g6 5. Nh3 d6 6. O-O Bg7 7. Nd2 O-O 8. c3 Qe8
9. Qb3 Na6 10. Nf4 Nc7 11. a4 g5 12. Ne6 Bxe6 13. dxe6 Rb8 14. Nc4 Qh5 15. Ne3
f4 16. Nf5 Ng4 17. Nxe7+ Kh8 18. h3 fxg3 19. fxg3 Rxf1+ 20. Bxf1 Rf8 21. hxg4
Qxg4 22. Qxb7 Nxe6 23. Qg2 Be5 24. Be3 Bxg3 25. Nd5 Ng7 26. b4 Nf5 27. bxc5 Nh4
28. Bd4+ Kg8 29. Ne3 Qf4 30. Qd5+ Rf7 31. Ng2 Bh2+ 32. Kh1 Nxg2 33. Bxg2 Bg3
34. Qa8+ Rf8 35. Bd5+ 1-0

[Event "TCh-FRA Top 16 Gp A/B"]
[Site "Clichy"]
[Date "2007.05.31"]
[Round "8.2"]
[White "Doettling, Fabian"]
[Black "Calistri, Tristan"]
[Result "1-0"]
[WhiteElo "2539"]
[BlackElo "2368"]
[PlyCount "60"]
[EventDate "2007.05.??"]
[EventType "team"]
[EventRounds "11"]
[EventCountry "FRA"]
[SourceDate "2007.01.01"]
[WhiteTeam "Strasbourg"]
[WhiteTeamCountry "FRA"]
[BlackTeamCountry "FRA"]

1. d4 Nf6 2. Nf3 g6 3. c4 Bg7 4. Nc3 d6 5. e4 O-O 6. Be2 e5 7. O-O Nc6 8. d5
Ne7 9. b4 Nh5 10. c5 Nf4 11. Bxf4 exf4 12. Rc1 Bg4 13. Nd4 Bxd4 14. Qxd4 Bxe2
15. Nxe2 f3 16. gxf3 a5 17. b5 Qd7 18. c6 bxc6 19. bxc6 Qh3 20. Qf6 Rae8 21.
Nd4 h6 22. Kh1 Kh7 23. Rg1 Ng8 24. Qf4 Qc8 25. Rb1 Re5 26. Rb7 f5 27. Nb5 Re7
28. Nxc7 Rxc7 29. Qxd6 Rxb7 30. cxb7 Qe8 1-0

[Event "TCh-FRA Top 16 Gp A/B"]
[Site "Clichy"]
[Date "2007.05.31"]
[Round "8.2"]
[White "Legky, Nikolay A"]
[Black "Meier, Georg"]
[Result "1/2-1/2"]
[WhiteElo "2465"]
[BlackElo "2506"]
[PlyCount "44"]
[EventDate "2007.05.??"]
[EventType "team"]
[EventRounds "11"]
[EventCountry "FRA"]
[SourceDate "2007.01.01"]
[WhiteTeam "Drancy"]
[WhiteTeamCountry "FRA"]
[BlackTeamCountry "FRA"]

1. d4 e6 2. c4 Nf6 3. Nc3 Bb4 4. e3 c5 5. Nge2 cxd4 6. exd4 d5 7. a3 Be7 8.
cxd5 Nxd5 9. Nxd5 exd5 10. Nf4 Nc6 11. Be3 O-O 12. Be2 Bf6 13. O-O g6 14. Bf3
Be6 15. Qd2 Qd6 16. Rfd1 Rac8 17. Rac1 Ne7 18. Ne2 Nf5 19. Bf4 Qe7 20. Be5 Bg5
21. Bf4 Bf6 22. Be5 Bg5 1/2-1/2

[Event "TCh-FRA Top 16 Gp A/B"]
[Site "Clichy"]
[Date "2007.05.31"]
[Round "8.4"]
[White "Berthelot, Yannick"]
[Black "Nezar, Mustapha"]
[Result "1/2-1/2"]
[WhiteElo "2317"]
[BlackElo "2420"]
[PlyCount "98"]
[EventDate "2007.05.??"]
[EventType "team"]
[EventRounds "11"]
[EventCountry "FRA"]
[SourceDate "2007.01.01"]
[WhiteTeam "Drancy"]
[WhiteTeamCountry "FRA"]
[BlackTeamCountry "FRA"]

1. e4 c5 2. Nf3 Nc6 3. d4 cxd4 4. Nxd4 Nf6 5. Nc3 d6 6. f3 e6 7. Be3 a6 8. Qd2
Qc7 9. O-O-O b5 10. Bxb5 axb5 11. Ndxb5 Qb8 12. Nxd6+ Bxd6 13. Qxd6 Qxd6 14.
Rxd6 Bb7 15. b3 O-O 16. Kb2 Ne8 17. Rd2 f5 18. exf5 Rxf5 19. Rhd1 Nf6 20. a4
Rb8 21. Bf2 Rf8 22. Bg1 Rg5 23. Nb5 h6 24. Nc7 Re5 25. Rd6 Kf7 26. R1d2 Rc8 27.
Nb5 Ke7 28. Bd4 Nxd4 29. R6xd4 Rd5 30. c4 Rxd4 31. Nxd4 Nd7 32. Re2 Nc5 33.
Nf5+ Kf6 34. Nd6 Rb8 35. Re3 Nxa4+ 36. bxa4 Bxf3+ 37. Rb3 Rxb3+ 38. Kxb3 Bxg2
39. Ne8+ Kf7 40. Nc7 Ke7 41. c5 g5 42. Kc4 h5 43. Kd4 h4 44. Ke5 g4 45. Nxe6 g3
46. h3 Bxh3 47. Nf4 Be6 48. Ng6+ Kf7 49. Nxh4 Bc4 1/2-1/2

[Event "TCh-FRA Top 16 Gp A/B"]
[Site "Clichy"]
[Date "2007.05.31"]
[Round "8.5"]
[White "Brunner, Nicolas"]
[Black "Salaun, Yann"]
[Result "1-0"]
[WhiteElo "2439"]
[BlackElo "2336"]
[PlyCount "55"]
[EventDate "2007.05.??"]
[EventType "team"]
[EventRounds "11"]
[EventCountry "FRA"]
[SourceDate "2007.01.01"]
[WhiteTeam "Vandoeuvre"]
[BlackTeam "Drancy"]
[WhiteTeamCountry "FRA"]
[BlackTeamCountry "FRA"]

1. d4 Nf6 2. c4 e6 3. Nc3 Bb4 4. Qc2 O-O 5. a3 Bxc3+ 6. Qxc3 Qe8 7. g3 Ne4 8.
Qd3 f5 9. Bg2 Nc6 10. Bxe4 fxe4 11. Qxe4 Qf7 12. Nf3 d5 13. Qe3 e5 14. Nxe5
Nxe5 15. dxe5 Bh3 16. Bd2 Rad8 17. cxd5 Qxd5 18. Rg1 c5 19. f3 b5 20. Rc1 c4
21. Bc3 Bc8 22. Kf2 Qf7 23. Rgd1 Rde8 24. h4 a6 25. Bb4 Qf5 26. Bxf8 Rxf8 27.
Qg5 Qf7 28. Rd8 1-0

[Event "TCh-FRA Top 16 Gp A/B"]
[Site "Clichy"]
[Date "2007.05.31"]
[Round "8.6"]
[White "Karr, Jean Philippe"]
[Black "Philippe, Christophe"]
[Result "0-1"]
[WhiteElo "2409"]
[BlackElo "2354"]
[PlyCount "72"]
[EventDate "2007.05.??"]
[EventType "team"]
[EventRounds "11"]
[EventCountry "FRA"]
[SourceDate "2007.01.01"]
[WhiteTeam "Drancy"]
[WhiteTeamCountry "FRA"]
[BlackTeamCountry "FRA"]

1. d4 d5 2. c4 e5 3. dxe5 d4 4. Nf3 Nc6 5. Nbd2 Bg4 6. a3 Qe7 7. h3 Bh5 8. g4
Bg6 9. Bg2 O-O-O 10. Qa4 Kb8 11. Qb5 a6 12. Qb3 Ka8 13. O-O h5 14. g5 f6 15.
Nh4 Be8 16. exf6 gxf6 17. Ne4 Qe6 18. Bf4 fxg5 19. Nxg5 Qf6 20. Qg3 Bh6 21. b4
d3 22. exd3 Nge7 23. b5 axb5 24. cxb5 Nd4 25. Rae1 Rg8 26. Kh1 Bxb5 27. Qe3 Nd5
28. Be5 Nxe3 29. Bxf6 Nxg2 30. Nxg2 Bxg5 31. Bxd8 Bxd8 32. Re3 Bc6 33. Rg3 Re8
34. Rb1 Bh4 35. Rg7 Bxf2 36. Rf1 Nf5 0-1

[Event "TCh-FRA Top 16 Gp A/B"]
[Site "Clichy"]
[Date "2007.05.31"]
[Round "8.7"]
[White "Paci, Cedric"]
[Black "Giffard, Nicolas"]
[Result "1/2-1/2"]
[WhiteElo "2291"]
[BlackElo "2379"]
[PlyCount "84"]
[EventDate "2007.05.??"]
[EventType "team"]
[EventRounds "11"]
[EventCountry "FRA"]
[SourceDate "2007.01.01"]
[WhiteTeam "Vandoeuvre"]
[BlackTeam "Drancy"]
[WhiteTeamCountry "FRA"]
[BlackTeamCountry "FRA"]

1. Nf3 Nf6 2. c4 e6 3. g3 d5 4. Bg2 dxc4 5. Qa4+ Nbd7 6. Qxc4 c5 7. d4 b6 8.
Ne5 Nxe5 9. dxe5 Nd5 10. O-O Rb8 11. Rd1 b5 12. Qg4 Qc7 13. a4 b4 14. Nd2 Qxe5
15. Nc4 Qc7 16. e4 Nb6 17. Bf4 e5 18. Bxe5 Bxg4 19. Bxc7 Rc8 20. Nxb6 axb6 21.
Bxb6 Bxd1 22. Rxd1 c4 23. Bh3 Bc5 24. Bxc8 Bxb6 25. Rc1 Ke7 26. Rxc4 Rd8 27.
Rxb4 Bc5 28. Rb7+ Kf6 29. Rc7 Rd1+ 30. Kg2 Bd4 31. Rc2 Rb1 32. Rc4 Rd1 33. Rc2
Rb1 34. Rc4 Rd1 35. b4 Rd2 36. a5 Rxf2+ 37. Kh3 Ke5 38. a6 h5 39. g4 Rf3+ 40.
Kg2 Rf2+ 41. Kh3 Rf3+ 42. Kg2 Rf2+ 1/2-1/2

[Event "TCh-FRA Top 16 Gp A/B"]
[Site "Clichy"]
[Date "2007.05.31"]
[Round "8.8"]
[White "Wolfangel, Florence"]
[Black "Klipper, Rebecca"]
[Result "0-1"]
[WhiteElo "1983"]
[BlackElo "2026"]
[PlyCount "70"]
[EventDate "2007.05.??"]
[EventType "team"]
[EventRounds "11"]
[EventCountry "FRA"]
[SourceDate "2007.01.01"]
[WhiteTeam "Drancy"]
[WhiteTeamCountry "FRA"]
[BlackTeamCountry "FRA"]

1. d4 d5 2. c4 e5 3. e3 exd4 4. exd4 Nc6 5. c5 g6 6. Bb5 Bg7 7. Bxc6+ bxc6 8.
Ne2 Ne7 9. O-O O-O 10. Ng3 Nf5 11. Nxf5 Bxf5 12. Nc3 Re8 13. Be3 Qc8 14. Qa4
Qb7 15. b4 Bd3 16. Rfd1 Bc4 17. Rab1 a6 18. Qa5 Re7 19. Qa3 Qc8 20. Qc1 Qf5 21.
Bg5 f6 22. Bh6 Bh8 23. Be3 Rae8 24. Qd2 h5 25. Re1 h4 26. h3 g5 27. f3 Qd3 28.
Qxd3 Bxd3 29. Rbd1 Bc2 30. Rc1 Rxe3 31. Rxe3 Rxe3 32. Rxc2 f5 33. a4 Rxc3 34.
Re2 Bxd4+ 35. Kh2 Re3 0-1

[Event "TCh-FRA Top 16 Gp A/B"]
[Site "Clichy"]
[Date "2007.05.31"]
[Round "8.4"]
[White "Koch, Jean Rene"]
[Black "Spiridonov, Nikola"]
[Result "1-0"]
[WhiteElo "2451"]
[BlackElo "2363"]
[PlyCount "107"]
[EventDate "2007.05.??"]
[EventType "team"]
[EventRounds "11"]
[EventCountry "FRA"]
[SourceDate "2007.01.01"]
[WhiteTeam "Metz"]
[WhiteTeamCountry "FRA"]
[BlackTeamCountry "FRA"]

1. e4 c5 2. Nf3 Nc6 3. d4 cxd4 4. Nxd4 g6 5. c4 Nf6 6. Nc3 d6 7. Nc2 Bg7 8. Be2
Nd7 9. Bd2 O-O 10. Rb1 Nc5 11. b4 Bxc3 12. Bxc3 Nxe4 13. Ba1 a5 14. b5 Ne5 15.
Qd4 Nf6 16. Ne3 Ned7 17. g4 h6 18. h4 e5 19. Qxd6 Ne4 20. Qd5 Ndf6 21. Qxd8
Rxd8 22. Bxe5 Be6 23. Bf3 Nd7 24. Bxe4 Nxe5 25. Bxb7 Rab8 26. Bd5 Nxg4 27. Bxe6
Nxe3 28. Bxf7+ Kxf7 29. fxe3 Rdc8 30. O-O+ Ke6 31. Rf4 g5 32. hxg5 hxg5 33. Rd4
Rc5 34. Kf2 Rbc8 35. Ke2 Rxc4 36. Rxc4 Rxc4 37. b6 Rc8 38. b7 Rb8 39. Kf3 a4
40. Kg4 Kd6 41. Rb4 Kc7 42. e4 a3 43. e5 Kd7 44. Kxg5 Ke6 45. Kf4 Rf8+ 46. Ke4
Rb8 47. Rb6+ Kd7 48. Kd5 Kc7 49. Rb3 Rd8+ 50. Ke6 Kb8 51. Ke7 Rd5 52. e6 Ra5
53. Kd6 Ra6+ 54. Kd7 1-0

[Event "TCh-FRA Top 16 Gp A/B"]
[Site "Clichy"]
[Date "2007.05.31"]
[Round "8.5"]
[White "De Sousa, Jose Claude"]
[Black "Pucher, Olivier"]
[Result "1/2-1/2"]
[WhiteElo "2294"]
[BlackElo "2315"]
[PlyCount "54"]
[EventDate "2007.05.??"]
[EventType "team"]
[EventRounds "11"]
[EventCountry "FRA"]
[SourceDate "2007.01.01"]
[WhiteTeam "Paris Chess Club"]
[BlackTeam "Metz"]
[WhiteTeamCountry "FRA"]
[BlackTeamCountry "FRA"]

1. e4 c5 2. Nf3 e6 3. d4 cxd4 4. Nxd4 Nc6 5. Nb5 d6 6. Bf4 e5 7. Be3 a6 8. N5c3
Nf6 9. Bg5 Be7 10. Bxf6 Bxf6 11. Nd2 Be6 12. Nc4 Nd4 13. Ne3 Qa5 14. h4 Rc8 15.
Bd3 O-O 16. Kf1 Bd8 17. Ncd5 f5 18. b4 Qa4 19. c3 Qxd1+ 20. Rxd1 f4 21. cxd4
fxe3 22. Nxe3 Bb6 23. Nf5 Bxf5 24. exf5 Bxd4 25. Be4 Rfd8 26. Bd5+ Kf8 27. Ke2
Rc7 1/2-1/2